Finančný sektor a ekonomický rast

Dobre rozvinutý bankový systém a finančné trhy majú pozitívny dopad na dlhodobý ekonomický rast. Dôležitosť bankového systému na úroveň a mieru rastu. Výskum sa zameriava na zisťovanie,ktorý typ finančného systému je vhodnejší pre budúci ekonomický rast. Otázkou je, ktorý finančný systém lepšie odol...

Descrizione completa

Salvato in:
Dettagli Bibliografici
Autore principale: Kmeťko, Miroslav, 1969-
Natura: Capitolo di libro
Lingua:slovacco
Soggetti:
Tags: Aggiungi Tag
Nessun Tag, puoi essere il primo ad aggiungerne!!

MARC

LEADER 00000naa$a2200000$$$4500
001 0018422
005 20240502071406.0
041 0 |a slo 
044 |a SK 
245 1 0 |a Finančný sektor a ekonomický rast  |c aut. Miroslav Kmeťko 
520 |a Dobre rozvinutý bankový systém a finančné trhy majú pozitívny dopad na dlhodobý ekonomický rast. Dôležitosť bankového systému na úroveň a mieru rastu. Výskum sa zameriava na zisťovanie,ktorý typ finančného systému je vhodnejší pre budúci ekonomický rast. Otázkou je, ktorý finančný systém lepšie odoláva finančným krízam. Anglo-americký systém. Európsko-japonský systém. V piatich krajinách strednej Európy (Česko, Poľsko, Slovensko, Slovinsko a Maďarsko) vo finančnom sektore prevažuje bankovo orientovaný systém a preto je dôležitá otázka, či typ finančného systému ovplyvňuje rast. 
610 2 0 |a financie verejné 
610 2 0 |a financie štátne 
610 2 0 |a bankovníctvo 
610 2 0 |a SVE 
610 2 0 |a sústava banková 
610 2 0 |a sústava finančná 
610 2 0 |a rast hospodársky 
610 2 0 |a rast hospodársky dlhodobý 
610 2 0 |a kríza finančná 
100 1 |a Kmeťko, Miroslav, 1969-